000 00289nam a2200121Ia 4500
005 20251222141857.0
008 251222s9999||||xx |||||||||||||| ||spa||
082 _a510/C86C
100 _aCoveñas, Manuel
245 0 _aClub de Profesores de Matemática
264 _bCoveñas
942 _cLIB
999 _c7918
_d7918